Middle East General Knowledge - Statistics

General Stats
  • This quiz has been taken 400 times
  • The average score is 10 of 21
Answer Stats
Hint Answer % Correct
What Religion began in Mecca? Islam
98%
What language is most commonly spoken in the Middle East? Arabic
88%
What is the largest oil producer in the world? Saudi Arabia
80%
What country broke into civil war in 2011? Syria
75%
In which city was Jesus born? Bethlehem
63%
What was the former name of Istanbul? Constantinople
57%
Who was president of Iraq from 1979-2003? Saddam Hussein
57%
Christians tried to take back the Holy Land in what series of events? Crusades
55%
What is the name of the region between the Tigris and Euphrates? Mesopotamia
55%
What Middle Eastern building project connected the Red and Mediterranean Seas? Suez Canal
54%
How many "Arabian Nights" are there in the title of the famed story book? 1001
47%
What country was split up by the Sykes and Picot agreement? Ottoman Empire
47%
Based on Hindu and Greek systems, what part of mathematics was invented in the Ancient Islamic Caliphate? Algebra
45%
What drink was first brewed in Yemen over 1,000 years ago? Coffee
41%
What wonder of the world was built near modern day Baghdad? Hanging Gardens of Babylon
41%
Which empire controlled much of the Middle East in 500 B.C? Persian Empire
36%
What people sacked Baghdad, ending the Islamic Golden Age? Mongols
35%
What monument in Jerusalem is the only remaining part of the Second Temple? Western Wall
32%
Who lead Arab revolts against the Ottoman Empire in the early 1900's? T.E Lawrence
21%
What is the English name for the Rub al' Khali? Empty Quarter
11%
What event killed thousands in Iran in 1972? Blizzard
3%
No matching quizzes found
Score Distribution
Percent of People with Each Score
Percentile by Number Answered
Your Score History
You have not taken this quiz